000 01338cam a2200349 a 4500
001 14959317
003 OSt
005 20230125110332.0
008 070809s2008 mau b 001 0 eng
010 _a 2007032776
015 _aGBA848077
_2bnb
016 7 _a014566937
_2Uk
020 _a9780674027725 (alk. paper)
020 _a9780674035072
020 _a0674027728 (alk. paper)
035 _a(OCoLC)ocn163707922
035 _a(OCoLC)163707922
040 _aDLC
_cDLC
_dDLC
050 0 0 _aBF637.P74
_bS65 2008
082 0 0 _a155.92 SOL
_222
100 1 _aSolove, Daniel J.,
_d1972-
245 1 0 _aUnderstanding Privacy /
_cDaniel J. Solove.
260 _aCambridge, Mass. :
_bHarvard University Press,
_c2008.
300 _ax, 257 p. ;
_c25 cm.
504 _aIncludes bibliographical references (p. [199]-246) and index.
505 _aPrivacy : a concept in disarray; Theories of privacy and their shortcomings; Reconstructing privacy; The value of privacy; A taxonomy of privacy; Privacy : a new understanding.
650 0 _aPrivacy.
856 4 1 _3Table of contents only
_uhttp://www.loc.gov/catdir/toc/ecip0724/2007032776.html
906 _a7
_bcbc
_corignew
_d1
_eecip
_f20
_gy-gencatlg
942 _2ddc
_cBK
999 _c211682
_d211682